| 000 | 00780cam a22002171 4500 | ||
|---|---|---|---|
| 001 | ca 24000021 | ||
| 003 | DLC | ||
| 005 | 20260227111111.0 | ||
| 008 | 890825s1923 pau 000 0 eng | ||
| 010 | _aca 24000021 | ||
| 035 | _a(OCoLC)20256561 | ||
| 040 |
_aDLC _cRPB _dRPB _dDLC |
||
| 042 | _apremarc | ||
| 050 | 0 | 0 |
_aBV2086 _b.C6 |
| 100 | 1 |
_aCopenhaver, Laura Scherer, _d1868?-1940. |
|
| 245 | 1 | 4 |
_aThe way; _ba pageant of Japan, _cby Laura Scherer Copenhaver [and] Katharine Scherer Cronk. |
| 260 |
_aPhiladelphia, Pa., _bLiterature Headquarters, Women's Missionary Society of the United Lutheran Church in America _c[1923] |
||
| 300 |
_a12 p. _c23 cm. |
||
| 500 | _a"Japanese national anthem" with music: p. 6. | ||
| 700 | 1 |
_aCronk, Katharine Scherer, _d1877- _ejoint author. |
|
| 999 |
_c15712 _d15712 |
||